Educación de adultos en América Latina.

I tiakina i:
Ngā taipitopito rārangi puna kōrero
Kaituhi matua: Eerthein, Jorge (autor)
Ētahi atu kaituhi: Latapí Sarre, Pablo (autor) (autor), Castillo, Alfonso (autor) (autor)
Hōputu: Pukapuka
Reo:Pāniora
Ngā marau:
Ngā Tūtohu: Tāpirihia he Tūtohu
Kāore He Tūtohu, Me noho koe te mea tuatahi ki te tūtohu i tēnei pūkete!

MARC

LEADER 00000cam^a2200000uu^4500
001 000457819
005 20250521000000.0
008 050901s1985^^^^^^^^^^^^rd^r^^000^0^spa^d
009 20260310124052.632
022 |a 9505153031 
035 |a FCE 000000262 
035 |a FCE 000263 
037 |a Acervo ITESO - Biblioteca 
041 |a spa 
082 0 4 |a 374.980  |b WERe 
100 |a Eerthein, Jorge  |e (autor) 
245 1 0 |a Educación de adultos en América Latina. 
264 |a Buenos Aires :  |b De la flor,  |c 1985. 
300 |a 186 p. 
336 |a texto  |b txt  |2 rdacontenido 
337 |a sin mediación  |b n  |2 rdamedio 
338 |a volumen  |b nc  |2 rdasoporte 
649 |a XX 
650 |a Educación de adultos 
650 |a Educación no formal 
650 |a Desarrollo rural 
650 |a Escuela radiofónica 
650 |a Medios de comunicación 
650 |a Educación informal 
650 |a América Latina 
700 |a Latapí Sarre, Pablo  |e (autor) 
700 |a Castillo, Alfonso  |e (autor) 
910 |a Fondo Centro de Estudios Educativos 
920 |a Impresos - Libros 
930 |a Fondos Especiales 
905 |a 133 
901 |a ALE000263  |b IT2  |c CEE  |u 20250521 
901 |a ALE042638  |b IT2  |c CEE  |u 20250521 
901 |a ALE042637  |b IT2  |c CEE  |u 20250521 
902 |a https://opac.biblio.iteso.mx/vufind/Record/000457819